| 000 | 00614nam a22002417a 4500 | ||
|---|---|---|---|
| 003 | UA-OsUOA | ||
| 001 | 47818 | ||
| 007 | ta | ||
| 008 | 20070821b un ||||| |||| 00| 0 ukr d | ||
| 100 | _aТрошихін В.О. | ||
| 700 | _aВіленський Ю.Г. | ||
| 090 |
_a159 _bТ76 |
||
| 942 | _cBK | ||
| 040 |
_aUA-OsUOA _bukr _cUA-OsUOA _dUA-OsUOA |
||
| 245 | _aЩо ми знаємо про себе? | ||
| 300 | _a172 с. | ||
| 955 | _a4 | ||
| 041 | _aukr | ||
| 080 | _a159 | ||
| 260 |
_aК. _bНаукова думка _c1975 |
||
| 650 | 7 |
_a1 Філософські науки _2UDC |
|
| 999 |
_c333910 _d333910 |
||